书目信息 |
| 题名: |
储氢材料
|
|
| 作者: | 巴纳姆 著 ;刘永锋 , 潘洪革 , 高明霞 译 | |
| 分册: | ||
| 出版信息: | 北京 机械工业出版社 2013.10 |
|
| 页数: | 11,194页 | |
| 开本: | 24cm | |
| 丛书名: | 国际电气工程先进技术译丛 | |
| 单 册: | ||
| 中图分类: | TG139 | |
| 科图分类: | ||
| 主题词: | 储氢合金--研究 , 储氢合金 | |
| 电子资源: | ||
| ISBN: | 978-7-111-43872-4 | |
| 000 | 01695oam2 2200349 450 | |
| 001 | 0120131142917 | |
| 005 | 20140610105112.98 | |
| 010 | @a978-7-111-43872-4@dCNY68.00 | |
| 100 | @a20131026d2013 em y0chiy0110 ea | |
| 101 | 1 | @achi@ceng |
| 102 | @aCN@b110000 | |
| 105 | @aa z 000yy | |
| 106 | @ar | |
| 200 | 1 | @a储氢材料@9chu qing cai liao@e储存性能的表征@f(英)Darren P. Broom著@g刘永锋,潘洪革,高明霞等译 |
| 210 | @a北京@c机械工业出版社@d2013.10 | |
| 215 | @a11,194页@c图@d24cm | |
| 225 | 2 | @a国际电气工程先进技术译丛 |
| 312 | @a封面英文题名:Hydrogen storage materials: the characterisation of their storage properties | |
| 330 | @a本书是国际著名储氢材料表征和气体吸附测试专家Darren P Broom博士专著的中译本。本书首先介绍了储氢技术的基本知识以及各类研究中的储氢材料,并结合储氢材料与应用相关的各项性能指标及其影响因素,着重讨论了不同性能和物理、化学性质表征手段的特点及适用范围,还列举了一些实际测试中可能碰到的问题。 | |
| 333 | @a本书对于储氢领域的资深研究者来说是一本实用的参考书,也可以帮助新进入储氢领域的研究者迅速掌握储氢材料特别是储氢材料表征的基础知识。此外,本书对于物理和化学等相关领域的研究者和工业界人士也有一定的参考价值 | |
| 461 | 0 | @12001 @a国际电气工程先进技术译丛 |
| 510 | 1 | @aHydrogen storage materials@ethe characterisation of their storage properties@zeng |
| 517 | 1 | @a储存性能的表征@9chu cun xing neng de biao zheng |
| 606 | 0 | @a储氢合金@x研究 |
| 606 | 0 | @a储氢合金 |
| 690 | @aTG139@v5 | |
| 701 | 0 | @c(英)@a巴纳姆@9ba na mu@c(Broom, Darren P.)@4著 |
| 702 | 0 | @a刘永锋@9liu yong feng@4译 |
| 702 | 0 | @a潘洪革@9pan hong ge@4译 |
| 702 | 0 | @a高明霞@9gao ming xia@4译 |
| 801 | 0 | @aCN@b人天书店@c20131026 |
| 905 | @b846464-66@dTG139@e49@f3 | |
| 储氢材料:储存性能的表征/(英)Darren P. Broom著/刘永锋,潘洪革,高明霞等译.-北京:机械工业出版社,2013.10 |
| 11,194页:图;24cm.-(国际电气工程先进技术译丛) |
| 使用对象:本书对于储氢领域的资深研究者来说是一本实用的参考书,也可以帮助新进入储氢领域的研究者迅速掌握储氢材料特别是储氢材料表征的基础知识。此外,本书对于物理和化学等相关领域的研究者和工业界人士也有一定的参考价值 |
| ISBN 978-7-111-43872-4:CNY68.00 |
| 本书是国际著名储氢材料表征和气体吸附测试专家Darren P Broom博士专著的中译本。本书首先介绍了储氢技术的基本知识以及各类研究中的储氢材料,并结合储氢材料与应用相关的各项性能指标及其影响因素,着重讨论了不同性能和物理、化学性质表征手段的特点及适用范围,还列举了一些实际测试中可能碰到的问题。 |
| ● |
| 相关链接 |
|
|
|
|
正题名:储氢材料
索取号:TG139/49
 
预约/预借
| 序号 | 登录号 | 条形码 | 馆藏地/架位号 | 状态 | 备注 |
| 1 | 846464 | 208464641 | 第二样本阅览室/ [索取号:TG139/49] | 在馆 | |
| 2 | 846465 | 208464650 | 化学系资料室/ [索取号:TG139/49] | 在馆 | |
| 3 | 846466 | 208464669 | 第三借阅区/ [索取号:TG139/49] | 在馆 |